[Event "Olympiad Women 2024"]
[Site "Budapest HUN"]
[Date "2024.09.19"]
[Round "8.43"]
[Board "2"]
[White "Hermoso Rodriguez, Ysvett"]
[Black "Ning, Isabelle Yixuan"]
[Result "0-1"]
[WhiteElo "1943"]
[BlackElo "1915"]
[PlyCount "62"]
[EventDate "2024.09.11"]
[WhiteTeam "Trinidad & Tobago"]
[BlackTeam "New Zealand"]
[BlackTeamCountry "NZL"]

1. e4 c5 2. c3 Nf6 3. e5 Nd5 4. d4 cxd4 5. cxd4 Nc6 6. Nf3 d6 7. Bc4 dxe5 8. dxe5 Ndb4 9. Qb3 e6 10. O-O Be7 11. Rd1 Qc7 12. a3 Na6 13. Nc3 O-O 14. Nb5 Qb6 15. Qc2 $146 ({RR} 15. Qd3 Rd8 16. Qe2 Rxd1+ 17. Qxd1 Na5 18. Bd3 Bd7 19. Qe2 Nb3 20. Rb1 Nxc1 21. Rxc1 Nc5 22. Bc4 a6 23. Nc3 Qd8 24. Ne4 Nxe4 25. Qxe4 Bc6 26. Qg4 Rc8 27. Bf1 Qb6 28. Ng5 Bxg5 29. Qxg5 Qxb2 {½-½ Fernandez Siles,L (2256)-Hu,M (2080) Titled Tuesday intern op 4th Aug 10am blitz 2020 (7)}) 15... Rd8 16. Be3 Bc5 17. Bg5 Be7 18. Bf4 Bd7 19. Qe2 Na5 20. Nd6 Nxc4 21. Nxc4 Bb5 22. Be3 Qc7 23. Rxd8+ Rxd8 24. Rc1 Rc8 25. b3 Bxa3 26. Ra1 Bc5 27. Bf4 Bb6 28. Ng5 h6 29. Ne4 Bxc4 30. Qg4 Bd3 31. Rc1 Qxc1+ 0-1

[Event "Olympiad Women 2024"]
[Site "Budapest HUN"]
[Date "2024.09.19"]
[Round "8.43"]
[Board "3"]
[White "Chang, Yolanda"]
[Black "La Fleur, Zara"]
[Result "1-0"]
[WhiteElo "1908"]
[BlackElo "1773"]
[PlyCount "83"]
[EventDate "2024.09.11"]
[WhiteTeam "New Zealand"]
[BlackTeam "Trinidad & Tobago"]
[WhiteTeamCountry "NZL"]

1. e4 e5 2. Nf3 Nc6 3. d4 exd4 4. Bc4 Nf6 5. e5 d5 6. Bb5 Ne4 7. Nxd4 Bd7 8. Bxc6 bxc6 9. O-O Bc5 10. f3 Ng5 11. Be3 Bb6 12. f4 Ne4 13. c3 O-O ({RR} 13... Qe7 14. Nd2 c5 15. N4f3 f6 16. Nxe4 dxe4 17. Qd5 Rd8 18. Qxe4 O-O 19. f5 fxe5 20. Nxe5 Bc6 21. Qf4 Bb7 22. Rad1 Rde8 23. Qc4+ Kh8 24. Bf4 Rxf5 25. Rd7 Rxe5 26. Rxe7 R5xe7 27. h3 Re4 28. Qf7 {0-1 Chor,K (1966)-Safranek,W (2111) Titled Tue 6th Aug Late 2024 (3)}) 14. Nd2 f5 15. Nxe4 fxe4 16. a4 $146 ({RR} 16. Qd2 Qe7 17. b4 a5 18. a3 g5 19. fxg5 Qxe5 20. Nb3 Qxg5 21. Nc5 Bxc5 22. bxc5 Qg6 23. Bh6 Rf3 24. Kh1 Rf5 25. Rxf5 Bxf5 26. Qe3 Rb8 27. Rf1 Rb2 28. g4 Qxg4 29. Rg1 Qg6 30. Qf4 {1-0 Pap,M (2493)-Chirila,I (2462) Srajber Memorial 10th 2008 (4)}) ({RR} 16. Qd2 a5 17. Nb3 Bc8 18. Nc5 Qh4 19. Rf2 a4 20. g3 Qe7 21. b4 axb3 22. Nxb3 Ba6 23. Rg2 Bc4 24. Rb1 Bd3 25. Rb2 Bc4 26. Rb1 Ra6 27. Qc1 Rfa8 28. Bxb6 cxb6 29. Nd4 c5 30. Nf5 Qe6 {½-½ Espinosa Garcia,S (2089)-Miranda Llanes,Y (2267) Capablanca Memorial op-A 48th 2013 (4)}) 16... a6 17. Qe1 Qe7 18. Qf2 Rab8 19. a5 Bxd4 20. Bxd4 Qe6 21. Bc5 Rf7 22. b4 Re8 23. h3 Qg6 24. Qe3 Rf5 25. Kh2 Rh5 26. Rh1 Re6 27. Bd4 Qf5 28. Kg1 Rg6 29. Kf2 Rh4 30. g4 Qf7 31. Qg3 Rgh6 32. Kg2 e3 33. Bxe3 d4 34. Bxd4 Qd5+ 35. Kf2 Bxg4 36. Rhg1 Qe4 37. Ra2 Rxh3 38. Qxg4 Rh2+ 39. Rg2 Rg6 40. Qc8+ Kf7 41. Qd7+ Kf8 42. Bc5+ 1-0

[Event "Olympiad Women 2024"]
[Site "Budapest HUN"]
[Date "2024.09.19"]
[Round "8.43"]
[Board "4"]
[White "James, Shemilah"]
[Black "Braganza, Nadia"]
[Result "0-1"]
[WhiteElo "1774"]
[BlackElo "1892"]
[PlyCount "104"]
[EventDate "2024.09.11"]
[WhiteTeam "Trinidad & Tobago"]
[BlackTeam "New Zealand"]
[BlackTeamCountry "NZL"]

1. e4 {ChessBase II} c5 2. Nf3 Nc6 3. d4 cxd4 4. Nxd4 g6 5. Nxc6 bxc6 6. Qd4 Nf6 7. e5 Nd5 8. e6 f6 9. exd7+ Bxd7 10. Be2 e5 11. Qa4 $146 ({RR} 11. Qd1 Bg7 12. c3 O-O 13. Na3 f5 14. Bc4 Be6 15. Qa4 Qc7 16. Be3 Kh8 17. Bc5 Rfb8 18. Qc2 Qa5 19. Bd6 Rd8 20. Be7 Re8 21. Bh4 f4 22. O-O Bf5 23. Qe2 h6 24. f3 e4 25. Bxd5 Qxd5 {0-1 Vestol,A-Botvinnik,M Olympiad-12 Preliminaries A 1956 (5)}) ({RR} 11. Qc4 Bg7 12. O-O Nb6 13. Qc5 Qe7 14. Qxe7+ Kxe7 15. Be3 Rhd8 16. c4 Be6 17. b3 Kf7 18. Bf3 e4 19. Bxe4 f5 20. Bxc6 Bxa1 21. Bxa8 Rxa8 22. Na3 Be5 23. Nb5 a6 24. Nd4 Nd7 25. Nc6 Bf6 {0-1 Kalogeris,I (2427)-Golizadeh,A (2456) Titled Tue 31st Oct Early 2023 (3)}) ({RR} 11. Qd1 Bg7 12. c4 Ne7 13. f4 exf4 14. Bxf4 O-O 15. O-O Qb6+ 16. Kh1 Rad8 ({RR} 16... Qxb2 17. Nd2 ({RR} 17. Qxd7 Qxa1 18. Qxe7 Rae8)) 17. Qb3 Be6 18. Nc3 Qxb3 19. axb3 Rd7 20. Ne4 Nc8 21. Nc5 Re7 22. Bf3 f5 23. Bxc6 Bxb2 24. Ra2 Bf6 25. Nxe6 Rxe6 {1-0 Rositsan,B (2250)-Chambers,C (1800) IBCA Wch blind 10th 2002 (1)}) ({RR} 11. Qd1 Bg7 12. O-O O-O 13. c4 Nc7 14. Nc3 Ne6 15. Be3 Qe7 16. Qd2 Rfd8 17. Rfd1 Be8 18. Qc1 Nd4 19. Bd3 Bf7 20. f4 f5 21. fxe5 Qxe5 22. Bf2 Qc7 23. Ne2 Nxe2+ 24. Bxe2 Rxd1+ 25. Bxd1 Be5 {½-½ Nguyen Thi Thanh,T-Nguyen T Thanh,A VIE-ch (Women) 2001 (3)}) 11... Bg7 12. O-O O-O 13. c4 Nb6 14. Qa5 f5 15. Be3 f4 16. Bc5 f3 17. Bd3 Qg5 18. g3 Qh5 19. Re1 e4 20. Bxb6 axb6 21. Qxh5 gxh5 22. Bxe4 Bxb2 23. Nd2 Bxa1 24. Rxa1 Ra3 25. Nb3 Rfa8 26. Rd1 Rxa2 27. Bxh7+ Kxh7 28. Rxd7+ Kg8 29. h3 c5 30. Rd3 R8a4 31. Rxf3 Rxc4 32. Kg2 Rcc2 33. g4 hxg4 34. hxg4 Kg7 35. Kg3 Kg6 36. Rd3 Ra3 37. f3 Kg7 38. Nxc5 Rxd3 39. Nxd3 b5 40. Kf4 Rc4+ 41. Ke3 b4 42. f4 b3 43. Kd2 Kf6 44. g5+ Kf5 45. g6 Rc2+ 46. Kd1 Kxg6 47. Ne5+ Kf5 48. Nd3 Ke4 49. Nc1 Rc3 50. Ne2 Re3 51. f5 Rxe2 52. Kxe2 b2 0-1

[Event "Olympiad Women 2024"]
[Site "Budapest HUN"]
[Date "2024.09.19"]
[Round "8.44"]
[Board "1"]
[White "Bwalya Mulwale, Lubuuto"]
[Black "Pang, Kay Yan Eden"]
[Result "0-1"]
[WhiteElo "1852"]
[BlackElo "1847"]
[PlyCount "64"]
[EventDate "2024.09.11"]
[WhiteTeam "Zambia"]
[BlackTeam "Singapore"]
[WhiteTeamCountry "ZAM"]
[BlackTeamCountry "SIN"]

1. d4 d5 2. c4 e6 3. Nc3 Nf6 4. Nf3 Be7 5. e3 O-O 6. Bd3 dxc4 7. Bxc4 c5 8. O-O cxd4 9. Nxd4 Bd7 ({RR} 9... Qc7 10. Qe2 a6 11. a3 b5 12. Ba2 Nc6 13. Nxc6 Qxc6 14. e4 Bb7 15. f3 Rfd8 16. Be3 Bc5 17. Rac1 Qb6 18. Bxc5 Qxc5+ 19. Qf2 Qxf2+ 20. Rxf2 Rac8 21. Rfc2 Kf8 22. Ne2 Rxc2 23. Rxc2 Rc8 24. Rxc8+ {½-½ Nikitenko,M (2533)-Begmuratov,K (2393) Tashkent Scheveningen Jan 2024 (4.2)}) 10. Qb3 $146 ({RR} 10. Nf3 Nc6 11. a3 Rc8 12. Ba2 a6 13. e4 Qc7 14. Re1 Ne5 15. Nxe5 Qxe5 16. f4 Bc5+ 17. Kh1 Qd4 18. Be3 Qxd1 19. Raxd1 Bxe3 20. Rxe3 Bc6 21. e5 Ng4 22. Re2 Kh8 23. h3 Nh6 24. Bb1 Rfd8 {1-0 Gabunov,F (1850)-Kalashnikov,N (1551) Ulstudents-ch op 2012 (3)}) ({RR} 10. Be2 Nc6 11. Bf3 Rc8 12. Qe2 Nxd4 13. exd4 Bc6 14. Rd1 Bxf3 15. Qxf3 Nd5 16. Nxd5 Qxd5 17. Qxd5 exd5 18. Kf1 Rc2 19. Rb1 Rfc8 20. Bd2 b5 21. Rdc1 h6 22. Ke2 R2c4 23. Kd3 Bf6 24. Be3 a5 {1-0 Nakamura,H (2736)-Firouzja,A (2749) Chess.com Bullet op KO blitz 2020 (4.1)}) 10... Nc6 11. Nxc6 Bxc6 12. Rd1 Qa5 13. Bd2 Qh5 14. Bb5 Bd6 15. h3 Bf3 16. gxf3 Qxh3 17. f4 Ng4 18. Be1 Bc5 19. Na4 Nxe3 20. fxe3 Bxe3+ 21. Bf2 Qg3+ 22. Kh1 Qf3+ 23. Kh2 Qxf2+ 24. Kh1 Qf3+ 25. Kh2 Bxf4+ 26. Kg1 Be3+ 27. Kh2 Qf2+ 28. Kh1 Rac8 29. Rf1 Qh4+ 30. Kg2 Qe4+ 31. Kg3 Rc2 32. Rf3 Qe5+ 0-1

[Event "Olympiad Women 2024"]
[Site "Budapest HUN"]
[Date "2024.09.19"]
[Round "8.44"]
[Board "2"]
[White "Rice, Lauren"]
[Black "Likando Namakau"]
[Result "1-0"]
[WhiteElo "1824"]
[BlackElo "1746"]
[PlyCount "103"]
[EventDate "2024.09.11"]
[WhiteTeam "Singapore"]
[BlackTeam "Zambia"]
[WhiteTeamCountry "SIN"]
[BlackTeamCountry "ZAM"]

1. d4 d5 2. c4 e6 3. Nf3 Nf6 4. g3 Nc6 5. Bg2 Bb4+ 6. Bd2 Bxd2+ 7. Nbxd2 Ne7 8. O-O O-O 9. Qc2 c6 ({RR} 9... Bd7 10. Ne5 Rc8 11. c5 Be8 12. Rad1 Nd7 13. Nd3 c6 14. b4 a6 15. a4 f6 16. e4 Ng6 17. h3 Bf7 18. f4 Ne7 19. Rfe1 Kh8 20. Kh2 Re8 21. Qb2 Qc7 22. Re3 e5 23. fxe5 fxe5 24. dxe5 {1-0 Pultinevicius,P (2575)-Tulchynskyi,F (2285) Titled Tue 23rd Jan Early 2024 (6)}) 10. Rfd1 $146 ({RR} 10. e4 Bd7 11. e5 Ne8 12. h4 Nf5 13. Bh3 Rc8 14. c5 Nc7 15. Qd3 b6 16. b4 Rb8 17. Rfd1 Bc8 18. a4 {½-½ Skierus,A (2037)-Greblikaite,G Plunge op Plateliai 2001}) 10... Bd7 11. e4 dxe4 12. Nxe4 Nxe4 13. Qxe4 Ng6 14. h4 f5 15. Qe2 Qf6 16. Ne5 Rad8 17. Rd3 Bc8 18. Rad1 Nxe5 19. dxe5 Qe7 20. Rd6 Rde8 21. R1d3 f4 22. R6d4 fxg3 23. Rxg3 Rf7 24. Rdg4 Kh8 25. Be4 Qc5 26. Bd3 Rd8 27. Rg2 Rd4 28. Rg5 h6 29. Qh5 Rxd3 30. Rxg7 Qxf2+ 31. Rxf2 Rxg7+ 32. Kh2 Kh7 33. Qe2 Rdg3 34. Rf8 Rg8 35. Rxg8 Rxg8 36. Qe4+ Kh8 37. Qe3 Kh7 38. Qxa7 Kg7 39. a4 Kf7 40. a5 Kg6 41. Qg1+ Kh7 42. Qd4 Rg7 43. Qd8 Rg8 44. Qe7+ Rg7 45. Qd8 Rg8 46. Qd3+ Kh8 47. b4 Kg7 48. b5 cxb5 49. cxb5 Kh8 50. a6 bxa6 51. bxa6 Kg7 52. a7 1-0

[Event "Olympiad Women 2024"]
[Site "Budapest HUN"]
[Date "2024.09.19"]
[Round "8.44"]
[Board "3"]
[White "Mbatha, Constance"]
[Black "Koh, Wei Le Gladys"]
[Result "0-1"]
[WhiteElo "1799"]
[BlackElo "1788"]
[PlyCount "126"]
[EventDate "2024.09.11"]
[WhiteTeam "Zambia"]
[BlackTeam "Singapore"]
[WhiteTeamCountry "ZAM"]
[BlackTeamCountry "SIN"]

1. d4 d5 2. Nf3 Nf6 3. e3 c6 4. c4 e6 5. c5 b6 6. b4 a5 7. Bd2 axb4 8. Bxb4 bxc5 9. dxc5 Bxc5 10. Bc3 $146 ({RR} 10. Bxc5 Qa5+ 11. Qd2 Qxc5 12. Qc3 Qd6 13. Be2 Ba6 14. Nbd2 Bxe2 15. Kxe2 O-O 16. Rhc1 Rc8 17. h3 Nbd7 18. a4 c5 19. Qa3 Qa6+ 20. Ke1 Qa5 21. Qc3 e5 22. Qxa5 Rxa5 23. Nb3 Ra7 24. a5 c4 {0-1 De Araujo,A (1760)-De Brito Buarque,H (1998) BRA-ch sf-B Fortaleza 2012 (8)}) 10... O-O 11. Nbd2 Nbd7 12. Bd3 Ba6 13. Bxa6 Rxa6 14. O-O Qe7 15. Nb3 Bd6 16. Qc2 Ne4 17. Bb2 c5 18. Ne1 Rfa8 19. Nc1 c4 20. f3 Nec5 21. Rb1 Qg5 22. Bd4 e5 23. f4 Qe7 24. fxe5 Bxe5 25. Nf3 Bxd4 26. exd4 Ne4 27. Rb7 Rb6 28. Rxb6 Nxb6 29. Qb2 Na4 30. Qb5 Nac3 31. Qc6 Rd8 32. Qb6 Qd6 33. Qa5 Rb8 34. Qa7 Nb5 35. Qa4 Qb6 36. Ne2 Qa7 37. Qc2 Na3 38. Qc1 Rb1 39. Qf4 Rxf1+ 40. Kxf1 Qb7 41. Qe5 h6 42. g3 Qb1+ 43. Kg2 Qxa2 44. Nfg1 Nf6 45. Qf5 Qb1 46. Qc8+ Kh7 47. h3 Qe4+ 48. Kf2 Nc2 49. Kf1 Nxd4 50. Nxd4 Qxd4 51. Qf5+ g6 52. Qc2 Ne4 53. g4 Nd2+ 54. Kg2 Qf4 55. Qd1 c3 56. h4 d4 57. h5 d3 58. hxg6+ Kxg6 59. Nh3 Qe4+ 60. Kg3 Qe3+ 61. Kh4 Nf3+ 62. Qxf3 Qxf3 63. Nf4+ Qxf4 0-1

[Event "Olympiad Women 2024"]
[Site "Budapest HUN"]
[Date "2024.09.19"]
[Round "8.44"]
[Board "4"]
[White "Fang, Kun"]
[Black "Mwale, Naomi"]
[Result "1/2-1/2"]
[WhiteElo "1769"]
[BlackElo "1767"]
[PlyCount "150"]
[EventDate "2024.09.11"]
[WhiteTeam "Singapore"]
[BlackTeam "Zambia"]
[WhiteTeamCountry "SIN"]
[BlackTeamCountry "ZAM"]

1. e4 e5 2. Nf3 Nc6 3. Bb5 Bc5 4. c3 a6 5. Ba4 b5 6. Bb3 d6 7. O-O Bg4 8. a4 Nf6 9. h3 Bh5 10. d3 h6 11. Re1 ({RR} 11. Be3 O-O 12. Nbd2 Rb8 13. axb5 axb5 14. g4 Bxe3 15. fxe3 Bg6 16. Nh4 Ne7 17. Qf3 c6 18. Ra7 d5 19. Nxg6 Nxg6 20. exd5 cxd5 21. Rfa1 Re8 22. Qg3 Re7 23. Rxe7 Qxe7 24. g5 hxg5 25. Qxg5 Qe6 {1-0 Gonzalez Zharikov,A (2037)-Breton Diaz Miron,J (1924) 2nd Mi Veracruz Open 2024 (3.14)}) 11... O-O 12. Nbd2 b4 13. Nf1 Rb8 $146 ({RR} 13... bxc3 14. bxc3 Rb8 15. Ba2 d5 16. Ng3 Bg6 17. Qe2 Re8 18. Nh4 Bh7 19. Ngf5 Bxf5 20. Nxf5 Kh7 21. Qf3 dxe4 22. dxe4 Ne7 23. Nxh6 gxh6 24. Qxf6 {1-0 Rodriguez Arrieta,M (1831)-Cortez,C (1515) American Continental 16th 2022 (7)}) 14. Bc4 a5 15. Ng3 Bg6 16. Be3 Bxe3 17. Rxe3 bxc3 18. bxc3 Kh7 19. Nh4 Ne7 20. Qd2 c6 21. Ree1 Nd7 22. d4 exd4 23. Qxd4 Ne5 24. Ba2 c5 25. Qd2 c4 26. Red1 Nc8 27. Nhf5 Qc7 28. Nxd6 Rd8 29. Nb5 Rxd2 30. Nxc7 Rxd1+ 31. Rxd1 Rb2 32. Bb1 f6 33. f4 Nc6 34. Nf1 Nb6 35. Ne3 Nxa4 36. Nxc4 Rb7 37. Nd5 Bf7 38. Nd6 Rd7 39. Nxf7 Rxf7 40. e5+ Kg8 41. e6 Rb7 42. Be4 Kf8 43. Bf3 Nc5 44. f5 a4 45. Nxf6 gxf6 46. Bxc6 Rc7 47. Bd5 a3 48. Ra1 Ra7 49. Kf2 Ra5 50. Ba2 Ne4+ 51. Ke3 Nxc3 52. g4 Re5+ 53. Kd3 Ne2 54. Bc4 Nf4+ 55. Kd4 Ra5 56. h4 h5 57. g5 Rxf5 58. Rxa3 fxg5 59. Ra8+ Ke7 60. Ra7+ Ke8 61. Bb3 Ng6 62. Bc2 Rf4+ 63. Ke3 Rf6 64. Ba4+ Kf8 65. Ra8+ Ke7 66. Re8+ Kd6 67. hxg5 Rxe6+ 68. Kf3 Re5 69. Rxe5 Nxe5+ 70. Kg3 Ke6 71. Bd1 Kf5 72. Kh4 Kg6 73. Bc2+ Kg7 74. Kxh5 Nf3 75. Kg4 Nxg5 1/2-1/2

[Event "Olympiad Women 2024"]
[Site "Budapest HUN"]
[Date "2024.09.19"]
[Round "8.45"]
[Board "1"]
[White "Viana, Valeria"]
[Black "Smith, Olivia"]
[Result "0-1"]
[WhiteElo "1882"]
[BlackElo "2087"]
[PlyCount "160"]
[EventDate "2024.09.11"]
[WhiteTeam "Honduras"]
[BlackTeam "Wales"]
[WhiteTeamCountry "HON"]
[BlackTeamCountry "WLS"]

1. e4 e5 2. Nf3 Nf6 3. Nxe5 Nxe4 4. d4 d5 5. Bd3 Nd7 6. Nxd7 Bxd7 7. O-O Bd6 8. Qh5 c6 9. Nc3 Nf6 10. Re1+ Kf8 11. Qh4 Ng4 12. Qxd8+ Rxd8 13. h3 Nf6 14. Bg5 Be7 $146 ({RR} 14... h6 15. Bxf6 gxf6 16. Re3 Kg7 17. Ne2 h5 18. Re1 h4 19. Kf1 Rde8 20. Ng1 Rxe3 21. Rxe3 f5 22. Nf3 f4 23. Re2 Be6 24. b3 Bc7 25. c4 Bd8 26. cxd5 cxd5 27. Rc2 Bf6 28. Rc7 Rb8 29. Ke2 {1-0 Mastrovasilis,D (2583)-Moen,A (2326) Leros Artemis Cup 2nd 2010 (4)}) 15. f3 h6 16. Bf4 Be6 17. Ne2 Nh5 18. Bh2 Bd6 19. g4 Nf6 20. Bxd6+ Rxd6 21. Nf4 Bc8 22. Re2 g5 23. Ng2 Kg7 24. Rae1 Be6 25. Ne3 Rhd8 26. Nf5+ Bxf5 27. Bxf5 Ng8 28. Re8 b6 29. b4 Kf6 30. Bh7 Rxe8 31. Rxe8 Ne7 32. Ra8 Rd7 33. Bd3 Kg7 34. Kf2 Rc7 35. Rd8 Ng8 36. Rd6 Nf6 37. a4 Ne8 38. Rd8 Kf8 39. c4 Ke7 40. Ra8 dxc4 41. Bxc4 Rd7 42. Ke3 Nc7 43. Rh8 b5 44. axb5 cxb5 45. Bb3 Na6 46. Rxh6 Nxb4 47. h4 gxh4 48. Rxh4 Nc6 49. Rh7 Kf8 50. d5 Na5 51. Ba2 b4 52. Rh8+ Ke7 53. Rb8 Nb7 54. Kd4 a5 55. Kc4 Nd6+ 56. Kb3 Rc7 57. Ra8 Rc3+ 58. Kb2 Rxf3 59. Rxa5 Rg3 60. Ra7+ Kf6 61. Ra6 Ke5 62. Rb6 Rxg4 63. Kb3 f5 64. Bb1 Ne4 65. Kb2 Nd2 66. Ba2 Nc4+ 67. Bxc4 Rxc4 68. Kb3 Rd4 69. d6 f4 70. d7 Rxd7 71. Rxb4 Rc7 72. Rb8 Ke4 73. Re8+ Kf3 74. Rf8 Kg3 75. Rf6 f3 76. Rg6+ Kf2 77. Rf6 Kg2 78. Rf5 f2 79. Rg5+ Kf1 80. Rf5 Re7 0-1

[Event "Olympiad Women 2024"]
[Site "Budapest HUN"]
[Date "2024.09.19"]
[Round "8.45"]
[Board "2"]
[White "Camp, Imogen A L"]
[Black "Torres Hernandez, Leslie Carolin"]
[Result "1/2-1/2"]
[WhiteElo "1923"]
[BlackElo "1891"]
[PlyCount "115"]
[EventDate "2024.09.11"]
[WhiteTeam "Wales"]
[BlackTeam "Honduras"]
[WhiteTeamCountry "WLS"]
[BlackTeamCountry "HON"]

1. d4 Nf6 2. c4 e6 3. Nf3 d5 4. Nc3 Be7 5. Bf4 O-O 6. e3 c6 7. h3 Qb6 ({RR} 7... b6 8. Qc2 Bb7 9. cxd5 Nxd5 10. Nxd5 Qxd5 11. Bd3 Bb4+ 12. Ke2 h6 13. Rhd1 Rc8 14. a3 Be7 15. Bh7+ Kf8 16. Be4 Qh5 17. Kf1 f5 18. Bd3 c5 19. d5 Bxd5 20. Bxf5 Bxf3 21. Bxe6 Rc6 22. Bf5 {0-1 Grigoriants,S (2603)-Vajda,L (2566) HUN-chT 1516 2015 (1)}) 8. Qc2 Nbd7 ({RR} 8... Bb4 9. Bd3 dxc4 10. Bxc4 c5 11. O-O cxd4 12. exd4 Nbd7 13. Bd3 Bxc3 14. bxc3 h6 15. Rab1 Qc6 16. Ne5 Nxe5 17. dxe5 Nd5 18. Be3 Ne7 19. Rfe1 Qc7 20. Bh7+ Kh8 21. Be4 f5 22. Bf3 Ng6 23. Qb3 {1-0 Bulgan,T-Ikizler,M (1378) TUR Cup										 2018 (8)}) 9. cxd5 $146 ({RR} 9. c5 Qd8 10. Bd3 b6 11. cxb6 axb6 12. Ne5 Bb7 13. O-O h6 14. g4 g5 15. Bh2 c5 16. f4 c4 17. Bg6 fxg6 18. Qxg6+ Kh8 19. Qxh6+ Nh7 20. Ng6+ Kg8 21. Nxf8 Ndxf8 22. f5 Bd6 23. f6 Bxh2+ {0-1 Konyaev,A (2019)-Kraev,N Gorodets-ch 2011 (1)}) 9... exd5 10. Bd3 Re8 11. O-O Nf8 12. a3 Be6 13. b4 Qd8 14. b5 c5 15. dxc5 Bxc5 16. Ne2 Rc8 17. Qb2 Bd6 18. Bxd6 Qxd6 19. Ned4 Rc7 20. Rac1 Rec8 21. Nf5 Qd8 22. Ne5 Ng6 23. Nxg6 hxg6 24. Nd4 Qd6 25. Rxc7 Rxc7 26. b6 Qxb6 27. Qxb6 axb6 28. Nxe6 fxe6 29. Bxg6 Kf8 30. Rb1 Nd7 31. Bh5 Ke7 32. Be2 Kd6 33. Rb2 Rc3 34. a4 Kc7 35. h4 Nc5 36. Bb5 Kd6 37. h5 Ke5 38. g4 Kf6 39. Kg2 e5 40. Re2 Ra3 41. f3 Nxa4 42. Bxa4 Rxa4 43. Rb2 Ra6 44. Kg3 Ke6 45. Rb4 Kd6 46. g5 Kc5 47. Rh4 b5 48. h6 gxh6 49. gxh6 Ra8 50. h7 Rh8 51. Kf2 d4 52. f4 dxe3+ 53. Kxe3 exf4+ 54. Kxf4 Kc4 55. Kg5+ Kc3 56. Kg6 b4 57. Rh3+ Kb2 58. Rh5 1/2-1/2

[Event "Olympiad Women 2024"]
[Site "Budapest HUN"]
[Date "2024.09.19"]
[Round "8.45"]
[Board "3"]
[White "Cruz, Bitia"]
[Black "Smith, Lynda"]
[Result "0-1"]
[WhiteElo "1736"]
[BlackElo "1831"]
[PlyCount "118"]
[EventDate "2024.09.11"]
[WhiteTeam "Honduras"]
[BlackTeam "Wales"]
[WhiteTeamCountry "HON"]
[BlackTeamCountry "WLS"]

1. e4 c5 2. Nf3 g6 3. c3 d5 4. e5 Nc6 5. Bb5 Bd7 ({RR} 5... Qb6 6. Bxc6+ Qxc6 7. d4 Bg4 8. O-O Nh6 9. Nbd2 Nf5 10. h3 Bxf3 11. Nxf3 h5 12. dxc5 Qxc5 13. e6 fxe6 14. Re1 Bg7 15. Ng5 e5 16. Ne6 Qd6 17. Qxd5 Qxd5 18. Nc7+ Kf7 19. Nxd5 Rhd8 20. Ne3 {½-½ Nakamura,H (2763)-Le,Q (2715) PRO League All Stars St2 blitz 2018 (3.7)}) 6. O-O ({RR} 6. Be2 d4 7. Bc4 e6 8. Qe2 Bg7 9. O-O Qc7 10. Re1 g5 11. Na3 a6 12. Qe4 Nge7 13. cxd4 cxd4 14. d3 g4 15. Nxd4 Bxe5 16. Nac2 Bxh2+ 17. Kh1 Qe5 18. Qxg4 Qd6 19. g3 Rg8 20. Qf4 Bxg3 {1-0 Kondys,P (2089)-Bednarska,M (1956) Najdorf Mem Open A 2024 (2.35)}) 6... Bg7 $146 ({RR} 6... Nxe5 7. Nxe5 Bxb5 8. c4 Bxc4 9. Qf3 Nf6 10. Nxc4 dxc4 11. Qxb7 Bg7 12. Qb5+ Qd7 13. Qxc4 O-O-O 14. Qxc5+ Qc7 15. Qa3 Ng4 16. Qh3 f5 17. Nc3 Rd3 18. g3 Rhd8 19. Qg2 Kb8 20. b3 Ne5 21. Ba3 {0-1 Kollars,D (2622)-Guseinov,G (2661) Titled Tuesday intern op 28th Dec blitz 2021 (10)}) 7. Bxc6 Bxc6 8. e6 f6 9. d4 b6 10. Re1 Nh6 11. Bf4 O-O 12. Nbd2 Nf5 13. Nf1 c4 14. Qd2 Nd6 15. h4 Ne4 16. Qe3 Qc8 17. N3d2 Qd8 18. f3 Nd6 19. g4 b5 20. Ng3 a5 21. Re2 b4 22. Rae1 Nb5 23. Rg2 Qb6 24. Ne2 Be8 25. Bg3 a4 26. Nf4 Rd8 27. Bf2 a3 28. bxa3 bxc3 29. Nb1 f5 30. Ne2 c2 31. Nd2 Rd6 32. f4 Rxe6 33. Qf3 Bc6 34. Rc1 Nxd4 35. Nxd4 Bxd4 36. Rxc2 Re1+ 37. Kh2 Bxf2 38. Rxf2 Re3 39. Qd1 Ba4 40. Nb3 cxb3 41. Qxd5+ Qe6 42. Qxe6+ Rxe6 43. axb3 Bxb3 44. Rc3 Bd1 45. g5 Kf7 46. Kg3 Rb8 47. Kg2 Re2 48. Kf1 Rxf2+ 49. Kxf2 Rb2+ 50. Ke3 Rb3 51. Kd2 Rxc3 52. Kxc3 Ke6 53. Kc4 Kd6 54. Kd4 Ba4 55. Kc4 e5 56. fxe5+ Kxe5 57. Kd3 Kf4 58. Ke2 Kg4 59. Ke3 Kxh4 0-1

[Event "Olympiad Women 2024"]
[Site "Budapest HUN"]
[Date "2024.09.19"]
[Round "8.45"]
[Board "4"]
[White "Kong, Emma Zihan"]
[Black "Maradiaga, Cesia"]
[Result "1-0"]
[WhiteElo "1747"]
[BlackElo "1675"]
[PlyCount "95"]
[EventDate "2024.09.11"]
[WhiteTeam "Wales"]
[BlackTeam "Honduras"]
[WhiteTeamCountry "WLS"]
[BlackTeamCountry "HON"]

1. d4 d5 2. c4 e5 3. dxe5 d4 4. Nf3 Nc6 5. Bf4 Nge7 6. a3 Ng6 7. Bg3 a5 ({RR} 7... h5 8. h4 a5 9. Qd3 Bg4 10. Nbd2 Qd7 11. Nb3 Rd8 12. Rd1 Bxf3 13. gxf3 Be7 14. Bh3 Ncxe5 15. Bxd7+ {1-0 Martinez Ramirez,L (2448)-Reprintsev,A (2234) Titled Tue 23rd Jan Early 2024 (11)}) 8. h3 $146 ({RR} 8. e3 dxe3 9. Qxd8+ Nxd8 10. fxe3 Bc5 11. Kf2 Ne6 12. Nc3 O-O 13. Rd1 f5 14. exf6 gxf6 15. Na4 Ba7 16. c5 f5 17. Bc4 f4 18. exf4 b5 19. cxb6 cxb6 20. Kf1 b5 21. Bxb5 Nexf4 22. Bc4+ Kg7 {0-1 Kukov,V (2258)-Karpatchev,A (2533) Istanbul op 5th 2006 (3)}) ({RR} 8. Nbd2 Bg4 9. h3 Bxf3 10. Nxf3 Bc5 11. Bh2 O-O 12. g4 Re8 13. Bg2 Ngxe5 14. Nxe5 Nxe5 15. O-O Qh4 16. Bg3 Qf6 17. Qc2 c6 18. Rad1 Rad8 19. Be4 g6 20. Kh1 Qe7 21. Bg2 Nd7 22. Rfe1 Nf6 {0-1 Chitlange,S (2167)-Grigoryan,M (2044) Speed Chess (Women) Q5 blitz 2020 (3)}) 8... Bc5 9. Nbd2 Qe7 10. Nb3 Ngxe5 11. Nfxd4 Nxd4 12. Nxd4 Nxc4 13. Nb5 Bb6 14. Qc2 Nd6 15. Nxd6+ cxd6 16. Qb3 Bc7 17. e3 O-O 18. Bd3 a4 19. Qd5 Be6 20. Qh5 f5 21. O-O Bd7 22. Rac1 Bd8 23. Rfd1 Be8 24. Bc4+ Kh8 25. Qf3 Bc6 26. Bd5 Qf6 27. Bxc6 bxc6 28. Qxc6 Be7 29. Qc3 Qg6 30. Qc7 Rfe8 31. Bxd6 Bxd6 32. Rxd6 Qg5 33. Rd4 h6 34. Qf4 Qf6 35. Rc2 Rad8 36. Rxd8 Rxd8 37. Qxa4 Rd1+ 38. Kh2 Qe5+ 39. Qf4 Qf6 40. a4 g5 41. Qb8+ Rd8 42. Qc7 g4 43. Rc6 Qh4 44. Rxh6+ Qxh6 45. Qxd8+ Kh7 46. Qd7+ Kg8 47. Qxf5 gxh3 48. Qxh3 1-0

[Event "Olympiad Women 2024"]
[Site "Budapest HUN"]
[Date "2024.09.19"]
[Round "8.46"]
[Board "1"]
[White "Chuemsakul, Sarocha"]
[Black "Castillo Pena, Patricia Evarista"]
[Result "1-0"]
[WhiteElo "1906"]
[BlackElo "1928"]
[PlyCount "111"]
[EventDate "2024.09.11"]
[WhiteTeam "Thailand"]
[BlackTeam "Dominican Republic"]
[WhiteTeamCountry "THA"]
[BlackTeamCountry "DOM"]

1. d4 d5 2. c4 c6 3. Nf3 Nf6 4. g3 e6 5. Bg2 Nbd7 6. O-O Be7 7. Qc2 O-O 8. Nbd2 b6 9. e4 dxe4 10. Nxe4 Bb7 11. Rd1 Qc8 12. Nxf6+ Nxf6 13. c5 bxc5 14. dxc5 Nd5 15. Bg5 Qd8 16. Bxe7 Qxe7 17. a3 a5 18. Re1 $146 ({RR} 18. b3 Ba6 19. Nd4 Qc7 20. Re1 Rab8 21. h4 Rfd8 22. Rad1 Bc8 23. Nf3 f6 24. Nd2 e5 25. Nc4 Be6 26. Rd2 Ne7 27. Rd6 Bf7 28. Red1 Bd5 29. Qa2 Rb5 30. a4 Rb4 31. Nxa5 Rd4 32. Nxc6 Bxc6 {1-0 Grabarczyk,M (2480)-Sroczynski,M (2202) Poznan op-A 18th 2009 (8)}) 18... Rab8 19. Nd4 Qf6 20. Rad1 Rfd8 21. Qe4 Ba8 22. Rd2 Rd7 23. Red1 g6 24. Qc2 Qe7 25. Kh1 h5 26. Rc1 h4 27. Re1 Qf6 28. Qa4 e5 29. Nf3 h3 30. Nxe5 hxg2+ 31. Kxg2 Ne3+ 32. Rxe3 Rxd2 33. Ng4 Qd4 34. Qxa5 Rdxb2 35. h3 Kg7 36. Rf3 Rf8 37. Qa7 Qd5 38. Qe7 Qe6 39. Qg5 Rh8 40. h4 Rh5 41. Qf4 Rf5 42. Qd4+ f6 43. Qxb2 Rxf3 44. Kxf3 Qf5+ 45. Ke3 Qxg4 46. Qb8 Qe6+ 47. Kd2 Qd7+ 48. Kc3 Bb7 49. Qd6 Qxd6 50. cxd6 Kf7 51. Kd4 Ke6 52. Kc5 Kd7 53. a4 Ba6 54. a5 Bc8 55. g4 Ba6 56. h5 1-0